1553 1805 1316 1204 1810 1595 1592 1009 1952 1600 1560 1359 1136 1001 1817 1553 1438 1219 1382 1024 1114 1501 1065 1750 1416 1253 1743 1383 1384 1120 1731 1571 1029 1922 1214 1603 1566 1034 1614 1648 1134 1006 1513 1755 1775 1099 1548 1674 1461 1989 1542 1003 1696 1740 1822 1340 1287 1833 1737 1699 1463 1017 1468 1589 1286 1604 1169 1937 1645 1174 1062 1422 1861 1150 1843 1109 1646 1317 1817 1042 1483 1931 1253 1517 1543 1365 1204 1955 1042 1662 1955 1191 1897 1714 1413 1817 1403 1548 1615 BCNSPRNW ULIB Ver.6.0+V

เปลี่ยนเป็นภาษาไทย

Change to English
 แสดงรายละเอียดบรรณานุกรม
  กลับหน้าหลัก

Brief Record : Get Marc (ISO 2709) : E-mail record : QR code < ปิดหน้าต่าง
LEADER : 00000nam 2200000uu 4500
001    13399113532
003     ULIB
008    111124s2552||||th 000 0 tha d
020    ^a9789741085996
090    ^aนว.^bล511ล 2552
100 0  ^aณารา
245 00 ^aเลื่อมมุกลายมังกล/^cณารา
250    ^aพิมพ์ครั้งที่ 1
260    ^aกรุงเทพฯ :^bพิมพ์คำ,^c2552
300    ^a372 หน้า
710 1  ^aพิมพ์คำ
945    ^p250^l0^i16422
995    ^aกัณชพร
999    ^aใช้งานได้ทุกระบบ
รายการนี้ยังไม่มีแท็ก
คุณยังไม่ได้ล็อกอิน คุณสามารถมีกิจกรรมร่วมกับเว็บไซต์ได้ แต่ต้องล็อกอินก่อน ::
  ล็อกอิน

รายการสื่อสารสนเทศ

ลำดับที่ ประเภท เลขเรียก/บาร์โค้ด สถานที่ สถานะ
1. นวนิยาย
นวนิยาย
นว. ล511ล 2552  
  Barcode: 16422
ห้องสมุดวิทยาเขตสวรรค์ประชารักษ์
►นวนิยาย
บนชั้น
  ขอยืม

รายการใกล้เคียง
    ผู้แต่ง [ณารา]

BibComment


ยังไม่เคยถูกคอมเมนท์

คอมเมนท์ทรัพยากรรายการนี้
  คอมเมนท์: เลื่อมมุกลายมังก..


 Copyright 2026. Bcnsprnw @Library